[Event "Canadian op"]
[Site "Laval"]
[Date "2024.07.14"]
[Round "3"]
[White "Pickard, Ryan"]
[Black "Filipovich, David"]
[Result "1/2-1/2"]
[WhiteElo "1721"]
[BlackElo "1950"]
[PlyCount "73"]
[EventDate "2024.07.13"]
[EventType "swiss"]
[EventRounds "9"]
[EventCountry "CAN"]
[SourceTitle "EXT 2025"]
[Source "ChessBase"]
[SourceDate "2024.10.14"]
[SourceVersion "1"]
[SourceVersionDate "2024.10.14"]
[SourceQuality "1"]

1. e4 c6 2. d4 d5 3. e5 Bf5 4. h4 h6 5. g4 Bd7 6. Bd3 e6 7. f4 c5 8. c3 Nc6 9. Nf3 h5 10. gxh5 cxd4 11. Nxd4 Nxd4 12. cxd4 Qb6 13. Bc2 Ne7 14. Nc3 Nc6 15. Be3 Qxb2 16. Ne2 Nb4 17. Bb3 Bb5 18. Rb1 Bxe2 19. Rxb2 Bxd1 20. Kxd1 0-0-0 21. Kd2 Rxh5 22. Bd1 Rh8 23. Bg4 g6 24. h5 Nc6 25. Rbb1 gxh5 26. Rxh5 Bb4+ 27. Kd3 Rdg8 28. Rbh1 Rxh5 29. Bxh5 Rh8 30. Bf3 Rxh1 31. Bxh1 Ne7 32. Bf3 Kd7 33. Bf2 Ba5 34. Bh5 Ke8 35. Bg4 Bb6 36. Bh4 Nc6 37. Bf2 1/2-1/2

[Event "Wch Seniors 50 29th"]
[Site "Bucharest"]
[Date "2019.11.13"]
[Round "2"]
[White "Antonio, Rogelio Jr"]
[Black "Filipovich, David"]
[Result "1-0"]
[WhiteElo "2427"]
[BlackElo "2050"]
[PlyCount "79"]
[EventDate "2019.11.12"]
[EventType "swiss"]
[EventRounds "11"]
[EventCountry "ROU"]
[SourceTitle "CBM 193 Extra"]
[Source "ChessBase"]
[SourceDate "2020.01.31"]
[SourceVersion "1"]
[SourceVersionDate "2020.01.31"]
[SourceQuality "1"]

1. e4 c6 2. Nc3 d5 3. Nf3 Bg4 4. h3 Bxf3 5. Qxf3 Nf6 6. Be2 e6 7. 0-0 g6 8. d4 dxe4 9. Nxe4 Nxe4 10. Qxe4 Bg7 11. Rd1 0-0 12. c4 Nd7 13. Bd2 Qc7 14. Qh4 c5 15. Bh6 Bf6 16. Qe4 Rfe8 17. Be3 cxd4 18. Bxd4 e5 19. Be3 Bg7 20. c5 Nxc5 21. Rac1 b6 22. b4 Nxe4 23. Rxc7 Rec8 24. Rxc8+ Rxc8 25. Ba6 Rb8 26. Rd7 Bf8 27. a3 Nd6 28. Rxa7 b5 29. Bc5 Nc4 30. a4 Na3 31. axb5 Nxb5 32. Rd7 Nd4 33. Bc4 Ne6 34. Bxf8 Rxf8 35. b5 Rc8 36. Bxe6 fxe6 37. b6 Rc1+ 38. Kh2 Rb1 39. b7 h5 40. Rd8+ 1-0

[Event "Eastern op 45th"]
[Site "Tysons"]
[Date "2018.12.29"]
[Round "4"]
[White "Filipovich, David"]
[Black "Erenburg, Sergey"]
[Result "0-1"]
[WhiteElo "2054"]
[BlackElo "2589"]
[PlyCount "40"]
[EventDate "2018.12.27"]
[EventType "swiss"]
[EventRounds "7"]
[EventCountry "USA"]
[SourceTitle "CBM 188 Extra"]
[Source "ChessBase"]
[SourceDate "2019.02.28"]
[SourceVersion "1"]
[SourceVersionDate "2019.02.28"]
[SourceQuality "1"]

1. Nf3 d5 2. g3 c6 3. Bg2 Nf6 4. c4 dxc4 5. Na3 b5 6. Ne5 a6 7. Nxc6 Qb6 8. Nxb8 Rxb8 9. b3 Bb7 10. 0-0 Bxg2 11. Kxg2 cxb3 12. Qxb3 e6 13. Rb1 Be7 14. Nc4 Qc7 15. d4 Rd8 16. Ne5 Rxd4 17. Bf4 Nd5 18. e3 Rb4 19. Qd1 Rxb1 20. Qxb1 g5 0-1

[Event "Hart House Holiday op"]
[Site "Toronto"]
[Date "2015.12.20"]
[Round "4"]
[White "Filipovich, David"]
[Black "Plotkin, Victor"]
[Result "0-1"]
[WhiteElo "2166"]
[BlackElo "2427"]
[PlyCount "108"]
[EventDate "2015.12.18"]
[EventType "swiss"]
[EventRounds "5"]
[EventCountry "CAN"]
[SourceTitle "EXT 2019"]
[Source "ChessBase"]
[SourceDate "2018.10.10"]
[SourceVersion "1"]
[SourceVersionDate "2018.10.10"]
[SourceQuality "1"]

1. Nf3 d5 2. g3 Nf6 3. Bg2 c6 4. 0-0 Bg4 5. d4 e6 6. Nbd2 Be7 7. c3 Nbd7 8. Re1 0-0 9. e4 dxe4 10. Nxe4 Nxe4 11. Rxe4 Nf6 12. Re1 Qb6 13. h3 Bh5 14. Qe2 Rad8 15. Be3 Nd5 16. Rad1 Nxe3 17. fxe3 f6 18. e4 e5 19. g4 Bf7 20. a3 Bd6 21. Kh1 Bb3 22. Rd2 exd4 23. Nxd4 Bf4 24. Nxb3 Qxb3 25. Rdd1 Rfe8 26. Bf3 Bc7 27. Rd4 Qe6 28. Red1 Kf8 29. Rxd8 Bxd8 30. Qe3 Bb6 31. Qd2 Rd8 32. Qe2 Qe5 33. Rxd8+ Bxd8 34. Kg2 Bc7 35. Kf1 Qf4 36. Ke1 Qc1+ 37. Kf2 Bb6+ 38. Kg3 Qg1+ 39. Bg2 Bc7+ 40. Kf3 Qc1 41. Qf2 Bb6 42. Qe2 g5 43. Bf1 Bc7 44. Kg2 Qf4 45. Kh1 Ke7 46. Qg2 Bb6 47. Bd3 Be3 48. Qe2 Qg3 49. Qg2 Qxg2+ 50. Kxg2 Bc1 51. a4 Bxb2 52. c4 Kd6 53. Kf3 Be5 54. Ke2 Kc5 0-1

[Event "CAN-ch"]
[Site "Guelph"]
[Date "2015.07.11"]
[Round "3"]
[White "Doknjas, John"]
[Black "Filipovich, David"]
[Result "1/2-1/2"]
[WhiteElo "2218"]
[BlackElo "2044"]
[PlyCount "47"]
[EventDate "2015.07.10"]
[EventType "swiss"]
[EventRounds "9"]
[EventCountry "CAN"]
[SourceTitle "CBM 167 Extra"]
[Source "ChessBase"]
[SourceDate "2015.09.14"]
[SourceVersion "1"]
[SourceVersionDate "2015.09.14"]
[SourceQuality "1"]

1. d4 g6 2. c4 Bg7 3. e4 d6 4. Nc3 e5 5. dxe5 dxe5 6. Qxd8+ Kxd8 7. Be3 Be6 8. Nf3 f6 9. Rd1+ Nd7 10. Be2 Bh6 11. Bc5 Kc8 12. Ba3 Bf8 13. Bxf8 Nxf8 14. 0-0 Nh6 15. h3 Nf7 16. c5 c6 17. b4 Nd7 18. a3 Kc7 19. Nd2 Rhd8 20. Bc4 Nf8 21. Bxe6 Nxe6 22. Nb3 Rxd1 23. Rxd1 Rd8 24. Rxd8 1/2-1/2

[Event "Toronto Hart House Holidays op"]
[Site "Toronto"]
[Date "2014.12.19"]
[Round "1"]
[White "Derraugh, Geordie"]
[Black "Filipovich, David"]
[Result "1-0"]
[WhiteElo "2304"]
[BlackElo "2165"]
[PlyCount "53"]
[EventDate "2014.12.19"]
[EventType "swiss"]
[EventRounds "5"]
[EventCountry "CAN"]
[SourceTitle "EXT 2022"]
[Source "ChessBase"]
[SourceDate "2021.10.06"]
[SourceVersion "1"]
[SourceVersionDate "2021.10.06"]
[SourceQuality "1"]

1. e4 c6 2. c4 d5 3. exd5 cxd5 4. cxd5 Nf6 5. Nc3 Nxd5 6. Nf3 Nc6 7. Bb5 Nxc3 8. bxc3 g6 9. 0-0 Bg7 10. d4 0-0 11. Re1 Qc7 12. Bg5 e6 13. Qd2 a6 14. Bf1 b5 15. Bf4 Qd7 16. Bh6 Bb7 17. Bxg7 Kxg7 18. Qf4 Rac8 19. Re3 Qc7 20. Ne5 h5 21. Rg3 Ne7 22. Bd3 Nd5 23. Qg5 Qe7 24. Qxh5 Rh8 25. Nxg6 fxg6 26. Rxg6+ Kf7 27. Rh6+ 1-0

[Event "Arlington DC op 2nd"]
[Site "Arlington"]
[Date "2014.06.26"]
[Round "1"]
[White "Azarov, Sergei Nikolaevich"]
[Black "Filipovich, David"]
[Result "1-0"]
[WhiteElo "2610"]
[BlackElo "2076"]
[PlyCount "47"]
[EventDate "2014.06.26"]
[EventType "swiss"]
[EventRounds "9"]
[EventCountry "USA"]
[SourceTitle "CBM 161 Extra"]
[Source "ChessBase"]
[SourceDate "2014.08.29"]
[SourceVersion "1"]
[SourceVersionDate "2014.08.29"]
[SourceQuality "1"]

1. e4 c6 2. Nc3 d5 3. Nf3 Bg4 4. h3 Bxf3 5. Qxf3 Nf6 6. Be2 e6 7. 0-0 Nbd7 8. d4 dxe4 9. Nxe4 Be7 10. Rd1 0-0 11. c4 Nxe4 12. Qxe4 Nf6 13. Qf3 Qb6 14. Be3 c5 15. Rd2 Rac8 16. Rad1 cxd4 17. Bxd4 Qc6 18. Qg3 Rfd8 19. Bf3 Qxc4 20. Bxb7 Rb8 21. Bxa7 Ne4 22. Bxe4 Qxe4 23. Qc7 Rxd2 24. Qxb8+ 1-0

[Event "CAN-ch"]
[Site "Montreal"]
[Date "2012.08.10"]
[Round "8"]
[White "Larochelle, Martial"]
[Black "Filipovich, David"]
[Result "1/2-1/2"]
[WhiteElo "2153"]
[BlackElo "2091"]
[PlyCount "75"]
[EventDate "2012.08.04"]
[EventType "swiss"]
[EventRounds "9"]
[EventCountry "CAN"]
[SourceTitle "EXT 2022"]
[Source "ChessBase"]
[SourceDate "2021.10.06"]
[SourceVersion "1"]
[SourceVersionDate "2021.10.06"]
[SourceQuality "1"]

1. c4 g6 2. g3 Bg7 3. Bg2 e5 4. Nc3 d6 5. e4 Nc6 6. Nge2 Nge7 7. 0-0 0-0 8. d3 f5 9. Nd5 Be6 10. Be3 Qd7 11. Qd2 Rf7 12. Rae1 Raf8 13. f3 Kh8 14. b3 Ng8 15. exf5 Bxf5 16. d4 Bh3 17. dxe5 Nxe5 18. f4 Bxg2 19. Kxg2 Ng4 20. Bd4 N8f6 21. Ng1 c6 22. Nxf6 Nxf6 23. Nf3 c5 24. Bb2 Qc6 25. Re6 Ne4 26. Bxg7+ Kxg7 27. Qb2+ Kg8 28. Qe2 Nf6 29. Rd1 Re8 30. Re1 Rxe6 31. Qxe6 Kg7 32. Rd1 Rd7 33. Re1 Rf7 34. Kf2 h6 35. Rd1 Rf8 36. Qe7+ Rf7 37. Qe6 Rf8 38. Qe7+ 1/2-1/2

[Event "CAN-ch"]
[Site "Montreal"]
[Date "2012.08.08"]
[Round "6"]
[White "Luo, Zhao Yang"]
[Black "Filipovich, David"]
[Result "1/2-1/2"]
[WhiteElo "1991"]
[BlackElo "2091"]
[PlyCount "36"]
[EventDate "2012.08.04"]
[EventType "swiss"]
[EventRounds "9"]
[EventCountry "CAN"]
[SourceTitle "CBM 149 Extra"]
[Source "ChessBase"]
[SourceDate "2012.08.24"]
[SourceVersion "1"]
[SourceVersionDate "2012.08.24"]
[SourceQuality "1"]

1. d4 g6 2. Nf3 Bg7 3. c3 Nf6 4. Bg5 0-0 5. Nbd2 d5 6. e3 Nbd7 7. Be2 Re8 8. 0-0 c5 9. Qb3 b6 10. Rfd1 Bb7 11. a4 a6 12. c4 cxd4 13. exd4 dxc4 14. Bxc4 e6 15. Ne5 Kh8 16. Qh3 Qc7 17. Ndf3 Ne4 18. Rac1 Nxe5 1/2-1/2

[Event "CAN-ch"]
[Site "Montreal"]
[Date "2012.08.05"]
[Round "2"]
[White "Wang, Richard"]
[Black "Filipovich, David"]
[Result "1-0"]
[WhiteElo "2338"]
[BlackElo "2091"]
[PlyCount "65"]
[EventDate "2012.08.04"]
[EventType "swiss"]
[EventRounds "9"]
[EventCountry "CAN"]
[SourceTitle "CBM 149 Extra"]
[Source "ChessBase"]
[SourceDate "2012.08.24"]
[SourceVersion "1"]
[SourceVersionDate "2012.08.24"]
[SourceQuality "1"]

1. d4 g6 2. Nf3 Bg7 3. c3 Nf6 4. Bg5 b6 5. Nbd2 Bb7 6. e3 0-0 7. Bd3 c5 8. 0-0 d6 9. Qe2 Nbd7 10. e4 h6 11. Bxf6 Nxf6 12. d5 a6 13. a4 Nd7 14. g3 Ne5 15. Nxe5 Bxe5 16. f4 Bg7 17. Nf3 Qc7 18. h4 e6 19. dxe6 fxe6 20. Kh2 Kh8 21. h5 e5 22. Nh4 exf4 23. Nxg6+ Kg8 24. Nxf8 fxg3+ 25. Kg1 Rxf8 26. Bc4+ d5 27. Rxf8+ Kxf8 28. Bxd5 Bxd5 29. exd5 c4 30. Rf1+ Kg8 31. Qe6+ Kh8 32. Kg2 Qd8 33. Re1 1-0

[Event "Guelph Fall ProAm"]
[Site "Guelph"]
[Date "2011.11.06"]
[Round "4"]
[White "Song, Michael"]
[Black "Filipovich, David"]
[Result "1/2-1/2"]
[WhiteElo "2090"]
[BlackElo "2223"]
[PlyCount "56"]
[EventDate "2011.11.05"]
[EventType "swiss"]
[EventRounds "5"]
[EventCountry "CAN"]
[SourceTitle "EXT 2022"]
[Source "ChessBase"]
[SourceDate "2021.10.06"]
[SourceVersion "1"]
[SourceVersionDate "2021.10.06"]
[SourceQuality "1"]

1. d4 g6 2. Nf3 Bg7 3. g3 c5 4. dxc5 Na6 5. Bg2 Nxc5 6. 0-0 d6 7. c3 Nf6 8. Nbd2 0-0 9. b4 Nce4 10. Bb2 d5 11. h3 Qb6 12. e3 a5 13. a3 Rd8 14. Rc1 Bd7 15. Qb3 Nd6 16. Rfe1 Rac8 17. Bf1 Bb5 18. c4 dxc4 19. Nxc4 Nxc4 20. Bxc4 Bxc4 21. Rxc4 Rxc4 22. Qxc4 axb4 23. axb4 Ne8 24. Bxg7 Kxg7 25. Rc1 Nd6 26. Qc3+ Kg8 27. Qc7 Qxc7 28. Rxc7 Kf8 1/2-1/2